000 00292nam a2200121Ia 4500
008 191201s2012 xx 000 0 und d
100 _aPANDEY,Adesh K
245 0 _aInternet Fundamentals
260 _aN. delhi
_bS K Kataria
_c2012
300 _a286
650 _aB.Tech(CSE)
942 _2ddc
_cBK
_01
999 _c700
_d700